Statistiken für Chemisches Allgemeinwissen

Klicken Sie hier um das Quiz zu spielen!

Allgemein

  • Dieses Quiz wurde 284 mal gespielt
  • Das Durchschnittsergebnis liegt bei 7 aus 15

Antwortstatistiken

Symbol/ ZusammensetzungName% Korrekt
FeEisen
99%
H2OWasser
92%
HWasserstoff
87%
NaClNatriumchlorid
78%
BBor
74%
BeBeryllium
57%
CH4Methan
54%
CO2Kohlendioxid
49%
C2H5OHEthanol
42%
COKohlenmonoxid
42%
MoMolybdän
36%
C2H4O2Essigsäure
14%
C8H8Styrol
3%
(C10H8O4)nPolyethylenterephthalat
2%
C10H14N2Tabak
0%

Verteilung der Resultate

Perzentil nach korrekt beantworteten Fragen

Anzahl Personen mit jedem Resultat

Ihre Resultats-Entwicklung

Sie haben dieses Quiz noch nicht gespielt